| 000 | 00992cam a22002651 4500 | ||
|---|---|---|---|
| 001 | 7788848 | ||
| 005 | 20230324165814.0 | ||
| 008 | 800512s1920 ii 000 0 eng | ||
| 010 | _a 22016381 | ||
| 035 | _a(OCoLC)6308161 | ||
| 040 |
_aDLC _cTxU _dDLC |
||
| 042 | _apremarc | ||
| 050 | 0 | 0 |
_aQC6 _b.E45 |
| 082 | _a530.11 | ||
| 100 | 1 |
_aEinstein, Albert, _d1879-1955. _910643 |
|
| 245 | 1 | 4 |
_aThe principle of relativity; _boriginal papers _cby A. Einstein and H. Minkowski, tr. into English by M. N. Saha and S. N. Bose ... with a historical introduction, by P. C. Mahalanobis ... |
| 260 |
_a[Calcutta] _bThe University of Calcutta, _c1920. |
||
| 300 |
_a3 p. l., xxiii, 186 p. _c22 cm. |
||
| 650 | 0 |
_aRelativity (Physics) _95786 |
|
| 700 | 1 |
_aMinkowski, H. _q(Hermann), _d1864-1909. _9111406 |
|
| 700 | 1 |
_aSaha, Meghnad, _d1893-1956, _etr. _9111407 |
|
| 700 | 1 |
_aBose, Satyendranath, _d1894-1974, _etr. _9111408 |
|
| 906 |
_a7 _bcbc _coclcrpl _du _encip _f19 _gy-gencatlg |
||
| 942 |
_2ddc _cBK |
||
| 999 |
_c594299 _d594299 |
||